Music Trivia: Types of Drums - Statistics

General Stats
  • This quiz has been taken 165 times
  • The average score is 6 of 12
Answer Stats
Picture Answer % Correct
Snare drum
93%
Bongo drums
91%
Steel drum
86%
Bass drum
78%
Kettle drums/Timpani
66%
Tambourine
65%
Conga drum
52%
Djembe
31%
Hand drum
20%
Bodhran
19%
Taiko or Daiko drums
18%
Tabla
12%
No matching quizzes found
Score Distribution
Percent of People with Each Score
Percentile by Number Answered
Your Score History
You have not taken this quiz